Eclipse de sol de 30 de agosto de 1905 (Record no. 73961)

MARC details
000 -LEADER
campo de control de longitud fija 00590nam a2200181 i 4500
001 - NÚMERO DE CONTROL
campo de control 73961
003 - IDENTIFICADOR DE NÚMERO DE CONTROL
campo de control ES-MaACL
005 - FECHA Y HORA DE LA ÚLTIMA TRANSACCIÓN
campo de control 20250730063111.0
007 - CAMPO FIJO DE DESCRIPCIÓN FÍSICA--INFORMACIÓN GENERAL
campo de control de longitud fija t|
008 - DATOS DE LONGITUD FIJA--INFORMACIÓN GENERAL
campo de control de longitud fija 040914s1905 sp ||||1| spa d
100 1# - ENTRADA PRINCIPAL--NOMBRE DE PERSONA
Nombre de persona González, Félix,
Fechas asociadas al nombre 1878-1954
9 (RLIN) 149408
245 10 - MENCIÓN DEL TÍTULO
Título Eclipse de sol de 30 de agosto de 1905
Resto del título : observaciones realizadas en Sigüenza por Félix González y Aresio Viveros.
260 ## - PUBLICACIÓN, DISTRIBUCIÓN, ETC.
Lugar de publicación, distribución, etc. Madrid :
Nombre del editor, distribuidor, etc. [s.n.],
Fecha de publicación, distribución, etc. 1905.
300 ## - DESCRIPCIÓN FÍSICA
Extensión 38 p. :
Otras características físicas il. ;
Dimensiones 24 cm.
650 04 - PUNTO DE ACCESO ADICIONAL DE MATERIA--TÉRMINO DE MATERIA
Término de materia o nombre geográfico como elemento de entrada Eclipses solares-
Subdivisión cronológica S.XX.
9 (RLIN) 11993
852 ## - LOCALIZACIÓN
Ubicación ES-MaACL
Número de control de estantería T-1067-F-8
Holdings
Estatus retirado Estado de pérdida Estado de daño No para préstamo Colección Biblioteca de origen Biblioteca actual Ubicación en estantería Fecha de adquisición Fuente de adquisición Total de préstamos Signatura topográfica completa Código de barras Visto por última vez Precio de reemplazo Tipo de ítem Koha
        Colección de folletos Biblioteca del Ateneo de Madrid Biblioteca del Ateneo de Madrid Depósito folletos 17/01/2008     T-1067-F-8 1077417 23/02/2023 23/02/2023 Folleto